00350pab a2200145 454500008004000000100001700040245005300057260000900110300001300119362001200132650001000144650002300154650001400177773001300191180718b2003 xxu||||| |||| 00| 0 eng d aKamath, P.M. aIslamic terrorism: a threat to Indian secularism c2003 ap.67-77. aOct-Dec aIslam aSecularism - India aTerrorism aDialogue